| 000 | 02179nam a22003617a 4500 | ||
|---|---|---|---|
| 005 | 20090516112052.0 | ||
| 008 | 090516t xxu||||| |||| 00| 1 eng d | ||
| 010 | _aENG-93540 | ||
| 020 |
_c250.00 _a9788185002842 |
||
| 035 | _aEN-77073 | ||
| 035 | _aB-361045-050 | ||
| 037 | _bDBAD / PUB | ||
| 037 | _bPUB | ||
| 040 |
_adpl _bEnglish |
||
| 082 | _aS | ||
| 245 |
_aReflections: _bthe bollywood connection / _coriginal stories in German by Dorothea Nurnberg; English translation by Karin & Amrit Bhatia |
||
| 260 |
_aNew Delhi _bPromilla & Co., Publishers; Bibliophile South Asia _c2007 |
||
| 270 |
_aC-127, Sarvodaya Enclave _bNew Delhi _e110017 |
||
| 300 |
_a111p. _c20cm(pbk) |
||
| 650 |
_aShort stories, German _xTranslation into English. |
||
| 700 | _aNurnberg, Dorothea | ||
| 700 | _aKarin | ||
| 700 | _aBhatia, Amrit | ||
| 942 |
_2ddc _cEN _mREF _hS |
||
| 999 |
_c26456 _d26456 |
||